000 01213cam a22001814a 4500
005 20250605164143.0
008 250528s ||||||||||||||||||||||||d
035 _a19054
040 _aGR-AtMCL
_bgre
_dGR-AtMCL
_eAACR2
245 1 _aΑνάλυση Εγκλημάτων / Εγκληματολογική Προσέγγιση
260 _bΑντ. Ν. Σάκκουλα,
_c1990
300 _a256
520 _aΠρόλογος, Εισαγωγή, Η Μελέτη του Εγκλήματος, Η Ανάλυση Εγκλημάτων, Η Στατιστική Ανάλυση, Η Ερευνητική Ανάλυση, Η Αστυνομική Ανάλυση, Ανάλυση Δέκα Εγκλημάτων, Γενικά, Η Ανθρωποκτονία, Ο Βιασμός, Η Αποπλάνηση Παιδιών, Η Αιμομιξία, Η Κλοπή, Η Ληστεία, Η Απάτη, Η Υπεξαίρεση, Ο Εμπρησμός, Η Χρήση και Εμπορία και Κατοχή Ουσιών που Δημιουργούν Εξάρτηση, Διαγράμματα, Ευρετήριο Ονομάτων.
700 1 _aΤσουραμάνης Χρήστος Ε
_95322
942 _cBK
999 _c4338
_d4338